000 01161nam a22002537a 4500
005 20100906104624.0
008 100906t xxu||||| |||| 00| 0 hin d
010 _aHIN-90379
020 _a9788128825835
_c95.00
035 _aHN-62725
037 _bDBAD/PUN
040 _aDPL
_bHN
082 _a821
100 _aरेड्डी, राजेश
_918464
245 _aअनहदः राजेश रेड्डी की चुनिंदा ग़ज़लें /
_cराजेश रेड्डी
246 _aAnahad
_bby Rajesh Reddy
260 _aनई दिल्ली
_bडायमंड पॉकेट बुक्स
_c2010
270 _ax-30, ओखाल इंडस्ट्रियल एरिया, फेज-11
_bनई दिल्ली
_e110020
_k011 41611861
300 _a117पृ.
_c22सेमी (अजिल्द)
650 _aहिन्दी कविताएँ
_91169
650 _918465
942 _2ddc
_cHN
_h821
_mरेड्डी
999 _c44383
_d44383